000 00640cab a2200217 4500
001 ABS56315
008 090401t1997 xxu||||| |||| 00| 0 eng d
035 _a(Sirsi) u22799
041 _aeng
100 _aBaillie, R
245 _aProperty firms plug into global telecoms potential
260 _c1997
350 _a0
490 _aEuroProperty
_v5(5/6) December/January 1997, 6-7(2)
520 _aReports on the telecoms sector and the potential for property advisers.
650 _aPROPERTY REQUIREMENTS
650 _aTELECOMMUNICATIONS INDUSTRY
690 _aPROPERTY-COMMERCIAL PROPERTY
942 _n0
948 _c04/03/1997
999 _c15286
_d15286